COŚ SŁODKIEGO, ALE NIE DO JEDZENIA - Statystyki

Ogólne statystyki
  • Ten quiz został rozwiązany 5 razy
  • Średni wynik to 2 z 6
Statystyki odpowiedzi
Hint Odpowiedź % Poprawnych
2. ZWIERZĘTA
60%
4. ZAPACH
40%
1. DZIECKO
20%
6. KŁAMSTWA
20%
5. OCZY
20%
3. USTA
20%
Nie znaleziono quizów pasujących do podanych kryteriów
Rozkład punktacji
Procent ludzi z każdym wynikiem
Percentyl według liczby udzielonych odpowiedzi
Twoja historia wyników
Nie rozwiązałeś tego quizu